Incident management in intelligent transportation systems / (Record no. 543346)

000 -LEADER
fixed length control field 00806cam a22002054a 4500
020 ## - INTERNATIONAL STANDARD BOOK NUMBER
International Standard Book Number 0890067740 (alk. paper)
082 00 - DEWEY DECIMAL CLASSIFICATION NUMBER
Classification number 388.31420973
Author Mark OZB
-- N-01, P-95
100 1# - MAIN ENTRY--PERSONAL NAME
Personal name Ozbay, Kaan,
9 (RLIN) 38694
245 10 - TITLE STATEMENT
Title Incident management in intelligent transportation systems /
Statement of responsibility, etc. Kaan Ozbay, Pushkin Kachroo.
260 ## - PUBLICATION, DISTRIBUTION, ETC.
Place of publication, distribution, etc. Boston :
Name of publisher, distributor, etc. Artech House,
Date of publication, distribution, etc. c1999.
300 ## - PHYSICAL DESCRIPTION
Extent xv, 248 p. :
Other physical details ill. ;
Dimensions 24 cm.
526 ## - STUDY PROGRAM INFORMATION NOTE
Program name 0
Interest level 0
Reading level 0
Title point value 388_314209730000000_OZB
650 #0 - SUBJECT ADDED ENTRY--TOPICAL TERM
Topical term or geographic name entry element Electronic traffic controls
Geographic subdivision United States
General subdivision Management.
9 (RLIN) 38695
650 #0 - SUBJECT ADDED ENTRY--TOPICAL TERM
Topical term or geographic name entry element Intelligent transportation systems
Geographic subdivision United States.
9 (RLIN) 22368
650 #0 - SUBJECT ADDED ENTRY--TOPICAL TERM
Topical term or geographic name entry element NUST
9 (RLIN) 6342
650 #0 - SUBJECT ADDED ENTRY--TOPICAL TERM
Topical term or geographic name entry element Traffic congestion
Geographic subdivision United States
General subdivision Prevention.
9 (RLIN) 38696
650 #0 - SUBJECT ADDED ENTRY--TOPICAL TERM
Topical term or geographic name entry element Traffic flow
Geographic subdivision United States
General subdivision Management.
9 (RLIN) 22365
700 1# - ADDED ENTRY--PERSONAL NAME
Personal name Kachroo, Pushkin.
9 (RLIN) 38697
942 ## - ADDED ENTRY ELEMENTS (KOHA)
Source of classification or shelving scheme
Koha item type Book
Holdings
Withdrawn status Lost status Source of classification or shelving scheme Damaged status Not for loan Permanent Location Current Location Date acquired Total Checkouts Full call number Barcode Date last seen Date last checked out Price effective from Koha item type
          Military College of Engineering (MCE) Military College of Engineering (MCE) 03/21/2014 1 388.31420973 OZB MCE-36387 01/15/2018 10/26/2017 03/21/2014 Book
© 2023 Central Library, National University of Sciences and Technology. All Rights Reserved.